000 00640nam a2200241Ia 4500
003 OSt
005 20220928121506.0
006 a|||||r|||| 00| 0
007 ta
008 220927b |||||||| |||| 00| 0 eng d
024 _a241
037 _cTextual
040 _aSDCL
_cSDCL
_beng
041 _2eng
_aeng
082 _aX:5381, P7
100 _aSengupta Nirmal
_9374575
245 0 _aEconomics of trade facilitation
260 _aNew York
_b Oxford University Press
_c2007
300 _axiii,208p
_ccm.
650 _aGlobalisation
942 _hX:5381, P7
_cTEXL
_2CC
999 _c766781
_d766781